Guess The Artist By Letter (N) - Statistics

General Stats
  • This quiz has been taken 89 times
  • The average score is 7 of 14
Answer Stats
Hint Answer % Correct
Smells Like Teen Spirit Nirvana
97%
Sweet Caroline Neil Diamond
77%
These Boots Are Made For Walkin' Nancy Sinatra
71%
99 Red Luft Balloons Nena
68%
Don't Speak No Doubt
67%
Bye Bye Bye NSYNC
65%
Closer Nine Inch Nails
46%
Photograph Nickelback
42%
Love Hurts Nazareth
38%
Step By Step New Kids On The Block
33%
Sugar Mountain Neil Young
24%
L-O-V-E Nat King Cole
19%
Yikes Nicki Minaj
10%
Fishin' In The Dark Nitty Gritty Dirt Band
9%
No matching quizzes found
Score Distribution
Percent of People with Each Score
Percentile by Number Answered
Your Score History
You have not taken this quiz